Methods in behavioral research
Uloženo v:
| Hlavní autor: | |
|---|---|
| Médium: | Kniha |
| Jazyk: | angličtina |
| Vydáno: |
McGraw Hill Education
2018
|
| Tagy: |
Přidat tag
Žádné tagy, Buďte první, kdo vytvoří štítek k tomuto záznamu!
|
MARC
| LEADER | 00000nam a22000007a 4500 | ||
|---|---|---|---|
| 008 | 210610b ||||| |||| 00| 0 eng d | ||
| 020 | |a 9781260084201 | ||
| 100 | |a COZBY, Paul C. |a Bates, Scott C. | ||
| 245 | |a Methods in behavioral research |c Paul C. Cozby |g xix,428p;ill | ||
| 250 | |b 13 | ||
| 260 | |b McGraw Hill Education |c 2018 |h New York |i 696190 |i 696191 |i 696192 |l BF76.5.C83 |m Psychology-Research-Methodology |m Social Sciences-Research -Methodology | ||
| 500 | |a it includes references and index | ||
| 942 | |a lcc |c BK |e O.A.JOHNSON |f 10/06/21 | ||
| 952 | |0 0 |1 0 |2 lcc |4 0 |7 0 |9 2575 |a ART |b HOL |c AF |d 2021-06-10 |o BF76.5.C83 |p 2021-6425 |r 2021-06-10 00:00:00 |w 2021-06-10 |y BK | ||
| 952 | |0 0 |1 0 |2 lcc |4 0 |7 0 |9 2576 |a HOL |b HOL |c AF |d 2021-06-10 |o BF76.5.C83 |p 2021-6426 |r 2021-06-10 00:00:00 |w 2021-06-10 |y BK | ||
| 952 | |0 0 |1 0 |2 lcc |4 0 |7 0 |9 2577 |a HOL |b HOL |c AF |d 2021-06-10 |o BF76.5.C83 |p 2021-6427 |r 2021-06-10 00:00:00 |w 2021-06-10 |y BK | ||
| 999 | |c 1344 |d 1344 | ||